000 00586nam a2200193 i 4500
001 50843
003 ES-MaACL
007 t|
008 030807s1985 sp ||||1| spa d
020 _a84-283-1385-7
100 1 _aCurrás, Emilia,
_d1927-2020
_942228
245 1 0 _aDocumentación y metodología de la investigación científica
_b: cuaderno de trabajo /
_cEmilia Currás.
260 _aMadrid :
_bParaninfo,
_c1985.
300 _a362 p. ;
_c21 cm.
500 _aIndice.
504 _aBibliografía.
852 _aES-MaACL
_jL-9273
_bR.110897
999 _c50843
_d50843